000 01298ngm a22003850a 4500
001 PT16687
003 AR-LpoUNG
005 20210202000224.0
007 vd cvaizq
008 191001s1963||||ag |||||||||||||||||spa d
037 _c$8.33
040 _aAR-LpoUNG
_bspa
_cAR-LpoUNG
_eaacr
041 _aspa
044 _aag
082 0 _a946.081 831mor
100 1 _aRossif, Frederic
_edir.
245 1 0 _aMorir en Madrid
260 _aBuenos Aires :
_bCultural Video,
_c[1963].
300 _aVHS (87 min.) : son., byn
505 0 _aGuión: Madelaine Chapsal ; música: Maurice Jarre. - Un documento de archivo excepcional con testimonios y opiniones de los protagonistas, muestra el fusilamiento de Federico García Lorca
520 _aCuando en España vence el Frente Popular la derecha se subleva con el General Franco a la cabeza, comienza la mas terrible guerra civil del siglo XX, preludio de la segunda guerra mundial.
650 4 _aANALISIS HISTORICO
650 4 _aCONFLICTOS POLITICOS
650 4 _aCRISIS POLITICA
650 4 _aDICTADURA
650 4 _aESPAÑA
650 4 _aGUERRA CIVIL
650 4 _aHISTORIA
651 4 _aEspaña
653 _aDOCUMENTALES
653 _aVIDEOS
710 2 _aAcinex (firma comercial)
905 _a16687
942 _cVIDEO
999 _c54380
_d54380